000 00479nam a2200181Ia 4500
001 17702
005 20260306171536.0
008 260306s9999||||xx |||||||||||||| ||und||
041 _aESP
082 _a658.15
_bG77
100 _aGraham, John R.
_eAUT
245 0 _aFinanzas corporativas:
_bel vínculo entre la teoría y lo que las empresas hacen
260 _c2011
300 _axli, 933 páginas :
_c27 cm.
650 _aGEN
654 _aCAN
942 _cLIB
_dJUS
_fJUS
_2ddc
_n
999 _c17702
_d17702